| 000 | 00777nam a2200217 a 4500 | ||
|---|---|---|---|
| 005 | 20140412111244.0 | ||
| 008 | 001110s19uu xx 00 eng d | ||
| 020 | _a0-916392-08-2 | ||
| 050 |
_aREF 303.3 _bJ62 1976 |
||
| 100 | _aJohnson, Spencer | ||
| 245 |
_aThe Value of patience : _bthe story of the Wright Brothers / _cSpencer Johnson ; illustrated by Steve Pileggi. |
||
| 260 |
_aLa Jolla, CA : _bValue Comm., Inc Pub, _c1976. |
||
| 300 | _a63 p. ; col. ; ill. | ||
| 440 | _aA Value Tale Series | ||
| 520 | _aDescribes the patient efforts of the Wright Brothers to build a flying machine. | ||
| 650 | _aWright, Orvill, 1871-1948 | ||
| 650 | _aWright, Wilbur, 1867-1912 | ||
| 650 | _aAeronautics--United States--Biography | ||
| 650 | _aPatience | ||
| 999 |
_c102851 _d102851 |
||